| 000 | 00488nam a2200157 i 4500 | ||
|---|---|---|---|
| 001 | 22143 | ||
| 003 | ES-MaACL | ||
| 005 | 20230906152630.0 | ||
| 007 | t| | ||
| 008 | 021218n19001999fr ||||1| spa d | ||
| 245 | 0 | 0 |
_aAuvernia - Cevenas _b: Auvernia - Forez - Velay - Vivarais. |
| 260 |
_a[S.l.] : _bJ. Barreau, _c[19--] ( _fImp. Edit. Paris) |
||
| 300 |
_a20 p. : _bil. ; _c27 cm. |
||
| 500 | _aPrecede al tit.: Ferrocarriles de Paris-Lyon-MediterrĂ¡neo. | ||
| 852 |
_aES-MaACL _j1520-F-8 |
||
| 999 |
_c22143 _d22143 |
||